00512nam a2200193 a 4500001001300000003000900013005001700022008004100039020002500080082001500105100002200120245003400142260004900176300000900225500003500234505001000269650001700279700002200296nice12345678IN_TiNIC20260116014610.0050524s2001 alba grp 000 0 eng  a0791460 c595.700a956.7bGOR aGordon, Matthew S aBreaking of a Thousand Swords aAlbany bState University of New York c2001 a303p aincludes index and biblioraphy2 aIndex aIraq-History1 aGordon, Matthew S